Guess The Cereal By The Mascot - Statistics

General Stats
  • This quiz has been taken 19 times
  • The average score is 15 of 31
Answer Stats
Picture Answer % Correct
Froot Loops
100%
Frosted Flakes
100%
Cap'n Crunch
95%
Count Chocula
95%
Lucky Charms
89%
Frankenberry
84%
Honey Nut Cheerios
84%
Raisin Bran
84%
Rice Krispies
84%
Trix
84%
Cinnamon Toast Crunch
74%
Cocoa Puffs
74%
Corn Flakes
74%
Boo Berry
63%
Apple Jacks
53%
Cookie Crisp
37%
Honey Smacks
37%
Mini Wheats
37%
Krave
32%
Yummy Mummy
21%
Honeycombs
16%
Quake
16%
Kaboom
11%
Sugar Crisp
11%
Coco Pops
5%
Frute Brute
5%
Sugar Puffs
5%
Big Mixx
0%
Qusip
0%
Sugar Corn Pops
0%
Weetos
0%
No matching quizzes found
Score Distribution
Percent of People with Each Score
Percentile by Number Answered
Your Score History
You have not taken this quiz